zpět

Detail výsledku týmu

Chicago Bar & Grill ČT, Liberec

Datum a čas kvízu

27 Celkem bodů Celkový počet nahraných bodů na tomto kvízu bez doplňovacích otázek.
5. Pořadí na kvízu Konečné umístění týmu na tomto kvízu.

Zaznamenané odpovědi

# Otázka Odpověď Body Výsledky
1. Koncem týdne ovlivnila počasí... Boris 1
2. Minulý týden jsme se dozvěděli... Stanford (University) 0
3. Slavná americká rocková kapela... Bon Jovi 1
4. Londýnský obchodní dům s luxus... Harrods 0
5. Minulý týden potvrdila manželk... Milan Baroš 1
6. Může to být alergie, dieta, ne... lněná 0
7. Ve zdravých receptech se můžem... zoodles 0
8. Asi nepřekvapí, že ve stavu be... tortilly 1
9. Tento sirup, kterým lze sladit... z čekanky 1
10. Naprostým mistrem v nahrazován... nedávejte tam nic 1